[Event "POL-ChT2"]
[Site "Opole POL"]
[Date "2006.09.06"]
[Round "5"]
[White "Bobula, Mateusz"]
[Black "Wieclaw, Michal"]
[Result "1-0"]
[WhiteElo "2254"]
[BlackElo "2229"]
[EventDate "2006.09.02"]
[PlyCount "115"]

1.d4 Nf6 2.Nf3 c5 3.d5 b5 4.Bg5 d6 5.Bxf6 exf6 6.e4 Qb6 7.a4 bxa4 8.Qc1 
Be7 9.Nc3 O-O 10.Rxa4 f5 11.Bd3 Bd7 12.Ra2 fxe4 13.Nxe4 Qb7 14.O-O Qxd5 
15.Nc3 Qh5 16.Be4 Bc6 17.Qf4 Rd8 18.Rd1 Qh6 19.Qxh6 gxh6 20.Nd5 Bf8 21.Nh4
Nd7 22.Nf5 Kh8 23.f4 Nb6 24.Nxb6 Bxe4 25.Nxa8 Bxc2 26.Rd2 Bxf5 27.Rxa7 Bg7
28.Nc7 Bd4+ 29.Kh1 Rb8 30.Ra8 Rxa8 31.Nxa8 Be4 32.Nb6 d5 33.Nd7 Kg7 34.b3 
Kg6 35.Ne5+ Kf5 36.Nd3 Bc3 37.Rd1 c4 38.bxc4 dxc4 39.Nf2 Kxf4 40.Rc1 Bd4 
41.Nxe4 Kxe4 42.Rxc4 Kd5 43.Rc7 Ke6 44.Rc6+ Kf5 45.Rxh6 Kg5 46.Rxh7 Kg6 
47.Rh3 Ba7 48.Ra3 Bc5 49.Ra5 Bd4 50.g3 f6 51.Kg2 Be5 52.Rxe5 fxe5 53.Kf3 
Kf5 54.h4 e4+ 55.Ke3 Ke5 56.g4 Kd5 57.h5 Ke5 58.h6 1-0

[Event "POL-ChT2"]
[Site "Opole POL"]
[Date "2006.09.06"]
[Round "5"]
[White "Kaszowski, Dariusz"]
[Black "Szwed, Jacek"]
[Result "1/2-1/2"]
[WhiteElo "2299"]
[BlackElo "2323"]
[EventDate "2006.09.02"]
[PlyCount "69"]

1.d4 Nf6 2.Nf3 g6 3.c3 Bg7 4.Bg5 d5 5.e3 O-O 6.Nbd2 b6 7.Bd3 Bb7 8.O-O 
Nbd7 9.a4 Ne4 10.Bh4 a5 11.Qc2 Nxd2 12.Qxd2 Qe8 13.Bg3 e5 14.Nxe5 Nxe5 15.
dxe5 Bxe5 16.Bb5 Qe7 17.Bxe5 Qxe5 18.Qd4 Qd6 19.Rfd1 Rad8 20.Rd2 Qe7 21.
Qf4 Rd6 22.Rad1 Rfd8 23.Be2 Bc8 24.Bf3 Be6 25.h4 Kg7 26.Rd4 Qf6 27.Qg3 h6 
28.Rf4 Qe7 29.Rfd4 Qf6 30.Bg4 Qe7 31.Qe5+ Qf6 32.Qg3 Qe7 33.Bf3 Qf6 34.Rf4
Qe7 35.Rfd4 1/2-1/2

[Event "POL-ChT2"]
[Site "Opole POL"]
[Date "2006.09.06"]
[Round "5"]
[White "Kulesza, Mateusz"]
[Black "Tomczak, Rafal"]
[Result "1/2-1/2"]
[WhiteElo "2282"]
[BlackElo "2316"]
[EventDate "2006.09.02"]
[PlyCount "26"]

1.e4 c5 2.Nc3 Nc6 3.g3 g6 4.Bg2 Bg7 5.d3 d6 6.Be3 Nd4 7.f4 Nf6 8.Nf3 Qb6 
9.Rb1 Bg4 10.h3 Bxf3 11.Bxf3 Nxf3+ 12.Qxf3 Qc6 13.O-O O-O 1/2-1/2

[Event "POL-ChT2"]
[Site "Opole POL"]
[Date "2006.09.06"]
[Round "5"]
[White "Wojciechowski, Adam"]
[Black "Strzemiecki, Zbigniew"]
[Result "1-0"]
[WhiteElo "2197"]
[BlackElo "2366"]
[EventDate "2006.09.02"]
[PlyCount "91"]

1.e4 e6 2.d4 d5 3.Nc3 Bb4 4.e5 c5 5.a3 Bxc3+ 6.bxc3 Ne7 7.Qg4 O-O 8.Nf3 
Nbc6 9.Bd3 f5 10.exf6 Rxf6 11.Bg5 e5 12.Bxh7+ Kxh7 13.Qh5+ Kg8 14.Bxf6 
gxf6 15.dxe5 Nxe5 16.Nxe5 fxe5 17.Qxe5 Ng6 18.Qe3 Bf5 19.O-O Qd6 20.Rad1 
Bxc2 21.Rd2 Bb3 22.f4 Bc4 23.Rf3 Qe7 24.f5 Qxe3+ 25.Rxe3 Nh8 26.Re7 b6 27.
g4 Nf7 28.h4 Kf8 29.f6 Re8 30.Rxa7 Ne5 31.Rg2 d4 32.cxd4 cxd4 33.Kf2 d3 
34.Kg3 Bd5 35.Rf2 Bf3 36.Rh7 Re6 37.g5 Be2 38.Rh8+ Kf7 39.h5 d2 40.g6+ 
Nxg6 41.hxg6+ Kxg6 42.f7 d1=Q 43.f8=Q Qg1+ 44.Rg2 Re3+ 45.Kh4+ Qxg2 46.
Rh6# 1-0

[Event "POL-ChT2"]
[Site "Opole POL"]
[Date "2006.09.06"]
[Round "5"]
[White "Owczarzak, Jerzy"]
[Black "Wojciechowski, Piotr"]
[Result "1-0"]
[WhiteElo "2380"]
[BlackElo "2218"]
[EventDate "2006.09.02"]
[PlyCount "91"]

1.e4 c5 2.Nf3 Nc6 3.d4 cxd4 4.Nxd4 Nf6 5.Nc3 d6 6.Bg5 Qb6 7.Nb3 e6 8.Bxf6 
gxf6 9.Qd2 a6 10.O-O-O Bd7 11.f4 O-O-O 12.Be2 h5 13.Rhf1 h4 14.Kb1 Kb8 15.
Rf3 Be7 16.Qe1 Rdg8 17.Bf1 Rg4 18.Rd2 Rh5 19.Nd1 Rg8 20.Ne3 Qc7 21.Rh3 
Rgh8 22.Qd1 R5h6 23.Be2 Bc8 24.Bg4 Rd8 25.Qe1 Rdh8 26.Bf3 Bd7 27.Qd1 Rd8 
28.g4 Bc8 29.a3 Na7 30.Ng2 Nb5 31.Qe1 Rdh8 32.Be2 Bd7 33.f5 Na7 34.Rxh4 
Rxh4 35.Nxh4 Nc6 36.Qg3 Ne5 37.Nd4 Rg8 38.Ng2 Bf8 39.h3 Bh6 40.Rd1 Rc8 41.
Nf4 Re8 42.Nh5 Qd8 43.Qf2 Rf8 44.Qh4 Bg5 45.Qg3 Bh6 46.Qb3 1-0

[Event "POL-ChT2"]
[Site "Opole POL"]
[Date "2006.09.06"]
[Round "5"]
[White "Smagacz, Dariusz"]
[Black "Schmidt, Wlodzimierz"]
[Result "1/2-1/2"]
[WhiteElo "2227"]
[BlackElo "2437"]
[EventDate "2006.09.02"]
[PlyCount "42"]

1.e4 e6 2.d4 d5 3.exd5 exd5 4.Nf3 Bg4 5.h3 Bh5 6.Qe2+ Qe7 7.Be3 Nc6 8.Nc3 
O-O-O 9.O-O-O f6 10.g4 Bg6 11.a3 a6 12.Nd2 Na5 13.Bg2 Qe6 14.b4 b5 15.Kb2 
Nc4+ 16.Nxc4 bxc4 17.Rhe1 Bf7 18.Na4 Qd7 19.Nc5 Bxc5 20.bxc5 Ne7 21.Ka2 
Rhe8 1/2-1/2

[Event "POL-ChT2"]
[Site "Opole POL"]
[Date "2006.09.06"]
[Round "5"]
[White "Urban, Klaudiusz"]
[Black "Wisniewski, Adrian"]
[Result "1/2-1/2"]
[WhiteElo "2457"]
[BlackElo "2369"]
[EventDate "2006.09.02"]
[PlyCount "55"]

1.d4 Nf6 2.Nf3 g6 3.c4 Bg7 4.g3 d6 5.Nc3 O-O 6.Bg2 Nc6 7.O-O a6 8.h3 Rb8 
9.e4 b5 10.cxb5 axb5 11.Re1 b4 12.Nd5 Nxd5 13.exd5 Na5 14.Bf4 Re8 15.Rc1 
Rb5 16.Nh2 b3 17.Bd2 bxa2 18.Qa4 c6 19.dxc6 Qb6 20.b4 a1=Q 21.Rxa1 Nc4 22.
Bc3 d5 23.Qa7 Be6 24.Ra6 Qxa7 25.Rxa7 Rb6 26.Nf3 Nd6 27.Bd2 Rxc6 28.Be3 
1/2-1/2

[Event "POL-ChT2"]
[Site "Opole POL"]
[Date "2006.09.06"]
[Round "5"]
[White "Juroszek, Tadeusz"]
[Black "Szelag, Marcin"]
[Result "1/2-1/2"]
[WhiteElo "2387"]
[BlackElo "2470"]
[EventDate "2006.09.02"]
[PlyCount "94"]

1.Nf3 Nf6 2.c4 g6 3.b4 Bg7 4.Bb2 c6 5.e3 a5 6.b5 cxb5 7.cxb5 d6 8.Be2 Nbd7
9.O-O Nb6 10.Na3 O-O 11.d3 e5 12.Nc4 Be6 13.Nfd2 Nfd5 14.Rc1 Qe7 15.Ba3 
Rfd8 16.Nxb6 Nxb6 17.Nc4 Nxc4 18.dxc4 Rac8 19.Qd2 b6 20.Rfd1 Qh4 21.g3 Qe4
22.Qd3 Qxd3 23.Bxd3 d5 24.cxd5 Rxc1 25.Rxc1 Bxd5 26.Bc4 Bf3 27.Bb3 Bf8 28.
Bb2 Bd6 29.Kf1 Kf8 30.a3 f6 31.Ke1 Bc5 32.Bd1 Rxd1+ 33.Rxd1 Bxd1 34.Kxd1 
a4 35.Kc2 Ke7 36.Kd3 Ke6 37.f3 Kd5 38.e4+ Kd6 39.Kc4 Bg1 40.h3 Bf2 41.g4 
Bc5 42.Bc1 Ke6 43.Bb2 h5 44.Bc1 hxg4 45.hxg4 Kd6 46.Kd3 Ke6 47.Kc4 Kd6 
1/2-1/2

[Event "POL-ChT2"]
[Site "Opole POL"]
[Date "2006.09.06"]
[Round "5"]
[White "Zielinska, Marta"]
[Black "Chmiel, Dominika"]
[Result "1-0"]
[WhiteElo "2353"]
[BlackElo "2138"]
[EventDate "2006.09.02"]
[PlyCount "81"]

1.g3 g6 2.f4 Bg7 3.Bg2 d6 4.d3 Nc6 5.c3 e5 6.Nf3 Bd7 7.Qb3 exf4 8.gxf4 Qc8
9.e4 Nge7 10.Be3 Be6 11.Qc2 h6 12.Qf2 Qd7 13.Nbd2 O-O-O 14.Nb3 Kb8 15.Nbd4
Bg4 16.h3 Bxf3 17.Nxc6+ Nxc6 18.Bxf3 Rhe8 19.O-O-O a6 20.Rde1 Ne7 21.Ba7+ 
Ka8 22.Bd4 Bxd4 23.Qxd4 Qb5 24.a4 Qb3 25.Bd1 Qa2 26.c4 d5 27.exd5 b5 28.
Qc3 bxc4 29.Qxc4 Qxc4+ 30.dxc4 Nf5 31.a5 Ne3 32.Ba4 Re4 33.b3 f5 34.Bc6+ 
Kb8 35.Rhg1 g5 36.fxg5 hxg5 37.Rxg5 f4 38.Reg1 Kc8 39.Rg8 Rd4 40.Bb7+ Kxb7
41.Rxd8 1-0

[Event "POL-ChT2"]
[Site "Opole POL"]
[Date "2006.09.06"]
[Round "5"]
[White "Zeberski, Jakub"]
[Black "Markiewicz, Jerzy"]
[Result "1-0"]
[WhiteElo "2410"]
[BlackElo "2314"]
[EventDate "2006.09.02"]
[PlyCount "81"]

1.e4 c5 2.Nf3 d6 3.d4 cxd4 4.Nxd4 Nf6 5.Nc3 Nc6 6.Bg5 h6 7.Bxf6 gxf6 8.Qd2
Qb6 9.Nb3 f5 10.Bd3 fxe4 11.Bxe4 Bg7 12.Nd5 Qd8 13.c4 a5 14.a4 O-O 15.O-O 
Ne5 16.Rac1 Bd7 17.Nd4 e6 18.Nf4 Qg5 19.h4 Qxh4 20.Rc3 Ng4 21.Rh3 Qg5 22.
Nf3 Qc5 23.Nh5 f5 24.Nxg7 Kxg7 25.Bxb7 Rab8 26.Ba6 Bxa4 27.Nd4 Bd7 28.Bb5 
Bc8 29.Nc6 Ra8 30.Nxa5 Rf6 31.b4 Qb6 32.Nc6 d5 33.Nd4 dxc4 34.Bxc4 e5 35.
Nf3 Ra7 36.Qb2 e4 37.Ne5 Ra4 38.Rb1 h5 39.Rxh5 Nxe5 40.Qxe5 Qd6 41.Qe8 1-0

[Event "POL-ChT2"]
[Site "Opole POL"]
[Date "2006.09.06"]
[Round "5"]
[White "Kalinin, Oleg"]
[Black "Hnydiuk, Aleksander"]
[Result "1/2-1/2"]
[WhiteElo "2354"]
[BlackElo "2366"]
[EventDate "2006.09.02"]
[PlyCount "23"]

1.d4 Nf6 2.Nf3 d5 3.c4 e6 4.cxd5 exd5 5.Nc3 c6 6.Qc2 g6 7.Bg5 Be7 8.e3 Bf5
9.Bd3 Bxd3 10.Qxd3 Nbd7 11.O-O O-O 12.Nd2 1/2-1/2

[Event "POL-ChT2"]
[Site "Opole POL"]
[Date "2006.09.06"]
[Round "5"]
[White "Kovalev, Andrei"]
[Black "Antoniewski, Rafal"]
[Result "1/2-1/2"]
[WhiteElo "2526"]
[BlackElo "2509"]
[EventDate "2006.09.02"]
[PlyCount "83"]

1.e4 e5 2.Nf3 Nc6 3.Bb5 a6 4.Ba4 Nf6 5.O-O Nxe4 6.d4 exd4 7.Re1 d5 8.Nxd4 
Bd6 9.Nxc6 Bxh2+ 10.Kh1 Qh4 11.Rxe4+ dxe4 12.Qd8+ Qxd8 13.Nxd8+ Kxd8 14.
Kxh2 Be6 15.Be3 f5 16.Nd2 Kc8 17.Kg3 h6 18.Kf4 b5 19.Bb3 g5+ 20.Ke5 Bd7 
21.Bf7 Rf8 22.Bg6 a5 23.Bc5 Rd8 24.Be7 Rh8 25.Kf6 a4 26.Rd1 Rg8 27.Bxf5 
Bxf5 28.Kxf5 Rg7 29.Bc5 Rd7 30.Be3 Ra6 31.Kxe4 Rc6 32.Rc1 g4 33.Kf4 h5 34.
c4 Rg7 35.Kg3 h4+ 36.Kxh4 g3 37.fxg3 Rcg6 38.Kh5 Rxg3 39.Bh6 Rg8 40.cxb5 
Rxg2 41.Nf3 Rxb2 42.Rc5 1/2-1/2

[Event "POL-ChT2"]
[Site "Opole POL"]
[Date "2006.09.06"]
[Round "5"]
[White "Pazdziora, Michal"]
[Black "Jasik, Krzysztof"]
[Result "0-1"]
[WhiteElo "2151"]
[BlackElo "2336"]
[EventDate "2006.09.02"]
[PlyCount "72"]

1.d4 Nf6 2.c4 c5 3.d5 e6 4.Nc3 exd5 5.cxd5 d6 6.e4 g6 7.f4 Bg7 8.Bb5+ Nbd7
9.Be2 O-O 10.Nf3 b6 11.O-O Ba6 12.f5 Bxe2 13.Qxe2 Ne5 14.Kh1 Nxf3 15.Qxf3 
Nd7 16.Qg3 Be5 17.Bf4 a6 18.Qe3 Bxf4 19.Qxf4 Qf6 20.Rf3 Kg7 21.fxg6 Qxf4 
22.Rxf4 fxg6 23.Raf1 Rxf4 24.Rxf4 b5 25.Nd1 Ne5 26.Nf2 c4 27.Kg1 Rc8 28.
Nd1 Nd3 29.Rf3 b4 30.Kf1 a5 31.Ke2 Nc1+ 32.Kd2 Nxa2 33.Kc2 a4 34.Kd2 a3 
35.bxa3 c3+ 36.Kc2 b3+ 0-1

[Event "POL-ChT2"]
[Site "Opole POL"]
[Date "2006.09.06"]
[Round "5"]
[White "Magnucka, Milena"]
[Black "Jadanowska, Beata"]
[Result "1-0"]
[WhiteElo "2066"]
[BlackElo "1873"]
[EventDate "2006.09.02"]
[PlyCount "105"]

1.e4 e5 2.Nf3 Nc6 3.d4 exd4 4.Nxd4 Bc5 5.Be3 Qf6 6.c3 d6 7.g3 Bd7 8.Bg2 
Nge7 9.O-O Bb6 10.Na3 O-O 11.Nc4 Nxd4 12.cxd4 Bb5 13.Qb3 Bxc4 14.Qxc4 Nc6 
15.Rfd1 Rfe8 16.Rac1 Re7 17.b4 a6 18.a4 h6 19.Qc3 Rae8 20.Rd3 a5 21.b5 Nb4
22.Rd2 h5 23.h4 Rxe4 24.Bxe4 Rxe4 25.Qc4 Qf3 26.Re1 g5 27.hxg5 h4 28.g6 d5
29.Qe2 Qf6 30.gxf7+ Kxf7 31.f3 Re8 32.Kg2 hxg3 33.Qd1 Rh8 34.Rh1 Re8 35.
Re1 Rh8 36.Rh1 Re8 37.Rh7+ Kg8 38.Rh6 Qg7 39.Bf4 Rf8 40.Rh4 Qf6 41.Rg4+ 
Kf7 42.Be5 Qh6 43.Rxg3 Rg8 44.Rxg8 Kxg8 45.f4 Qg6+ 46.Kf1 Kf8 47.Qe2 Qb1+ 
48.Kf2 c5 49.Bd6+ Kf7 50.Qe7+ Kg6 51.dxc5 Nd3+ 52.Ke3 Nxc5 53.Rg2+ 1-0

[Event "POL-ChT2"]
[Site "Opole POL"]
[Date "2006.09.06"]
[Round "5"]
[White "Jozwik, Rafal"]
[Black "Dudzinski, Pawel"]
[Result "1/2-1/2"]
[WhiteElo "2168"]
[BlackElo "2203"]
[EventDate "2006.09.02"]
[PlyCount "69"]

1.e4 c6 2.d4 d5 3.exd5 cxd5 4.c4 Nf6 5.Nc3 e6 6.c5 Be7 7.Nf3 O-O 8.Bf4 b6 
9.b4 Ne4 10.Qc2 bxc5 11.bxc5 Qa5 12.Bd2 Nxd2 13.Qxd2 Bf6 14.Bd3 Nc6 15.Ne2
Qc7 16.Rc1 Rb8 17.O-O Bd7 18.h3 Rb4 19.Rb1 Rfb8 20.Rxb4 Rxb4 21.Rb1 Rxb1+ 
22.Bxb1 Qb8 23.Qc2 g6 24.Qb3 Qc7 25.Bd3 Kf8 26.Ba6 Ke8 27.Bb5 Kd8 28.Qe3 
Qa5 29.Bxc6 Bxc6 30.Nf4 Kd7 31.Ne5+ Bxe5 32.Qxe5 Qc7 33.Qf6 Kc8 34.Nd3 h5 
35.Ne5 1/2-1/2

[Event "POL-ChT2"]
[Site "Opole POL"]
[Date "2006.09.06"]
[Round "5"]
[White "Dudzinski, Piotr"]
[Black "Jadanowski, Lukasz"]
[Result "1-0"]
[WhiteElo "2254"]
[BlackElo "2072"]
[EventDate "2006.09.02"]
[PlyCount "123"]

1.e4 Nf6 2.e5 Nd5 3.Nc3 Nxc3 4.bxc3 d6 5.exd6 cxd6 6.d4 g6 7.Nf3 Bg7 8.Be2
O-O 9.O-O b6 10.Rb1 Bb7 11.c4 Nd7 12.Ba3 Rc8 13.Qd3 Qc7 14.Rfd1 Rfe8 15.
Qb3 e5 16.dxe5 dxe5 17.Bd6 Qc6 18.Qa3 a5 19.c5 Qe4 20.Bb5 Bc6 21.Re1 Qf4 
22.cxb6 Nxb6 23.Bxc6 Rxc6 24.Qxa5 Rxd6 25.Rxb6 Rdd8 26.Rb4 Qf5 27.Rbe4 Ra8
28.Qd5 Qe6 29.Qxe6 Rxe6 30.a4 f5 31.Rc4 e4 32.Nd4 Bxd4 33.Rxd4 Rc6 34.Ra1 
Rxc2 35.g3 h5 36.Rd7 Kf8 37.a5 Ra6 38.Rb1 Rc8 39.Rb5 Rca8 40.Rb6 Rxa5 41.
Rxg6 R8a6 42.Rgg7 Re6 43.Rh7 Kg8 44.Rdg7+ Kf8 45.Rb7 Kg8 46.Rhc7 Re8 47.
Rg7+ Kh8 48.Rh7+ Kg8 49.Rbg7+ Kf8 50.Rg5 Ree5 51.Rhxh5 Ke7 52.g4 e3 53.
fxe3 Rxe3 54.Rxf5 Ra1+ 55.Kg2 Rb3 56.Rf2 Rba3 57.Re5+ Kd6 58.Ref5 Ra4 59.
h3 Ke7 60.Rf7+ Ke6 61.g5 Ra8 62.h4 1-0

[Event "POL-ChT2"]
[Site "Opole POL"]
[Date "2006.09.06"]
[Round "5"]
[White "Migala, Andrzej"]
[Black "Wlodarczyk, Oskar"]
[Result "1/2-1/2"]
[WhiteElo "2164"]
[BlackElo "2282"]
[EventDate "2006.09.02"]
[PlyCount "49"]

1.e4 e5 2.Nf3 Nf6 3.Nxe5 d6 4.Nf3 Nxe4 5.Qe2 Qe7 6.d3 Nf6 7.Bg5 Qxe2+ 8.
Bxe2 Be7 9.Nc3 c6 10.O-O Na6 11.Rfe1 h6 12.Bf4 Nc7 13.Nd4 Kd8 14.Bf3 Bd7 
15.h3 Re8 16.a4 Ne6 17.Nxe6+ fxe6 18.d4 g5 19.Bg3 Kc7 20.Ne4 Nxe4 21.Rxe4 
Bf6 22.Rae1 Re7 23.c3 a5 24.Bg4 Rae8 25.Bh5 1/2-1/2

[Event "POL-ChT2"]
[Site "Opole POL"]
[Date "2006.09.06"]
[Round "5"]
[White "Sendera, Jaroslaw"]
[Black "Brodowski, Piotr"]
[Result "1/2-1/2"]
[WhiteElo "2334"]
[BlackElo "2320"]
[EventDate "2006.09.02"]
[PlyCount "66"]

1.e4 c5 2.Nf3 Nc6 3.Bb5 g6 4.Bxc6 bxc6 5.O-O d6 6.e5 Bg7 7.Re1 Nh6 8.exd6 
Qxd6 9.Qe2 Bg4 10.Nc3 Nf5 11.Qe4 Bxf3 12.Qxf3 O-O 13.Ne4 Qd5 14.d3 Rfd8 
15.c3 Rab8 16.Qe2 h6 17.Bf4 e5 18.Bc1 g5 19.g3 a5 20.Qf3 Ne7 21.c4 Qe6 22.
Nxc5 Qg6 23.Bd2 g4 24.Qg2 Qd6 25.Ne4 Qc7 26.Bc3 c5 27.Rad1 f5 28.Nd2 Rxd3 
29.Nb3 Rf3 30.Bxa5 Qa7 31.Bc3 Qxa2 32.Nd2 Rd3 33.Ra1 Rxb2 1/2-1/2

[Event "POL-ChT2"]
[Site "Opole POL"]
[Date "2006.09.06"]
[Round "5"]
[White "Jasnikowski, Zbigniew"]
[Black "Lisowski, Krzysztof"]
[Result "1-0"]
[WhiteElo "2411"]
[BlackElo "2234"]
[EventDate "2006.09.02"]
[PlyCount "71"]

1.d4 d5 2.c4 c6 3.Nf3 Nf6 4.Nc3 e6 5.Bg5 dxc4 6.e4 b5 7.e5 h6 8.Bh4 g5 9.
Nxg5 hxg5 10.Bxg5 Nbd7 11.exf6 Bb7 12.g3 Qb6 13.Bg2 O-O-O 14.O-O Ne5 15.
dxe5 Rxd1 16.Raxd1 b4 17.Ne4 c5 18.Bf4 Bd5 19.Rxd5 exd5 20.Ng5 d4 21.Nxf7 
Rh7 22.Ng5 Rh8 23.e6 c3 24.bxc3 bxc3 25.Be4 c4 26.Rb1 Qxb1+ 27.Bxb1 d3 28.
Nf7 Rh5 29.e7 Bxe7 30.fxe7 Kd7 31.Ne5+ Kxe7 32.Bxd3 cxd3 33.Nxd3 Rd5 34.
Nc1 Rd2 35.h4 Kf8 36.Kg2 {zapis nieczytelny} 1-0

[Event "POL-ChT2"]
[Site "Opole POL"]
[Date "2006.09.06"]
[Round "5"]
[White "Chlost, Marlena"]
[Black "Szydlowska, Marta"]
[Result "1/2-1/2"]
[WhiteElo "2132"]
[BlackElo "2048"]
[EventDate "2006.09.02"]
[PlyCount "140"]

1.e4 d5 2.exd5 Qxd5 3.Nc3 Qa5 4.Nf3 Nf6 5.h3 Bf5 6.b4 Qb6 7.a4 a5 8.b5 e6 
9.Ne5 Qd4 10.Nf3 Qb6 11.Be2 Bc5 12.O-O Nbd7 13.d4 Be7 14.Be3 O-O 15.Ne5 
Rfd8 16.Nc4 Qa7 17.Bf4 e5 18.Nxe5 Nxe5 19.Bxe5 Bc5 20.Bxc7 Rxd4 21.Qc1 b6 
22.Be5 Re8 23.Bxf6 gxf6 24.Bf3 Rh4 25.Nd5 Bd4 26.c3 Be5 27.Ne3 Bf4 28.Re1 
Be6 29.Qc2 Qb8 30.Bc6 Rd8 31.Rad1 Rxd1 32.Qxd1 Be5 33.Nd5 Kh8 34.Qf3 Rh6 
35.Qe3 Rg6 36.Qxb6 Rxg2+ 37.Kf1 Qg8 38.Ke2 Bxh3 39.Ne3 Rg5 40.Rd1 Qg6 41.
Qxa5 Bf4 42.Qb4 Qh5+ 43.Bf3 Qh4 44.Rd8+ Kg7 45.Qf8+ Kg6 46.Qg8+ Kh6 47.
Qxf7 Rg7 48.Qd5 Bxe3 49.fxe3 Rg1 50.Qh5+ Qxh5 51.Bxh5 Kxh5 52.b6 Rb1 53.
Rd5+ Kg6 54.a5 Bf1+ 55.Kf2 Ba6 56.Rd4 Rb5 57.Ra4 Rc5 58.c4 h5 59.Kg3 Kg5 
60.Rb4 h4+ 61.Kh2 Rxa5 62.b7 Bxb7 63.Rxb7 Kg4 64.Rg7+ Kf3 65.Rf7 f5 66.Kh3
Kxe3 67.Kxh4 Rc5 68.Kg3 Ke4 69.Re7+ Kd4 70.Kf4 Kxc4 1/2-1/2

[Event "POL-ChT2"]
[Site "Opole POL"]
[Date "2006.09.06"]
[Round "5"]
[White "Orzech, Dominik"]
[Black "Toczek, Grzegorz"]
[Result "1/2-1/2"]
[WhiteElo "2370"]
[BlackElo "2339"]
[EventDate "2006.09.02"]
[PlyCount "56"]

1.d4 Nf6 2.Nf3 g6 3.c4 Bg7 4.Nc3 O-O 5.Bg5 d6 6.e3 Nbd7 7.Be2 e5 8.Qc2 c6 
9.O-O Re8 10.Rad1 Qc7 11.dxe5 dxe5 12.Nd2 Nf8 13.c5 Bf5 14.Qa4 N6d7 15.b4 
a5 16.Nde4 b5 17.cxb6 Nxb6 18.Qb3 Be6 19.Qb1 axb4 20.Qxb4 Nfd7 21.Rc1 Qb8 
22.Bh4 h6 23.Be7 Nd5 24.Qxb8 Rexb8 25.Bd6 Rb2 26.Bc4 Nxc3 27.Rxc3 Bd5 28.
Ng3 Bxc4 1/2-1/2

[Event "POL-ChT2"]
[Site "Opole POL"]
[Date "2006.09.06"]
[Round "5"]
[White "Murawski, Grzegorz"]
[Black "Fraczek, Daniel"]
[Result "0-1"]
[WhiteElo "2311"]
[BlackElo "2297"]
[EventDate "2006.09.02"]
[PlyCount "70"]

1.e4 c5 2.Nf3 d6 3.d4 cxd4 4.Nxd4 Nf6 5.Nc3 a6 6.Bg5 e6 7.f4 Qb6 8.Nb3 
Nbd7 9.Qd2 Be7 10.O-O-O Qc7 11.Be2 b5 12.Bf3 Bb7 13.Rhe1 b4 14.Na4 Rc8 15.
Kb1 Bc6 16.e5 dxe5 17.Bxc6 Qxc6 18.fxe5 Qxa4 19.exf6 Nxf6 20.Nd4 O-O 21.
Nf5 exf5 22.Rxe7 Ne4 23.Rxe4 fxe4 24.Be3 Qc6 25.g3 h6 26.Qf2 a5 27.Re1 
Rfd8 28.Rf1 Qd5 29.h4 a4 30.b3 Rc6 31.Qe2 axb3 32.axb3 Rdc8 33.Rd1 Qa5 34.
Rd2 Ra8 35.Bd4 Rc3 0-1

[Event "POL-ChT2"]
[Site "Opole POL"]
[Date "2006.09.06"]
[Round "5"]
[White "Majdan, Joanna"]
[Black "Bednarska, Malgorzata"]
[Result "1-0"]
[WhiteElo "2314"]
[BlackElo "2194"]
[EventDate "2006.09.02"]
[PlyCount "65"]

1.e4 c5 2.Nf3 d6 3.d4 cxd4 4.Nxd4 Nf6 5.f3 e5 6.Nb3 d5 7.exd5 Qxd5 8.Bd3 
a6 9.O-O Be7 10.Nc3 Qd6 11.Be3 O-O 12.Qe1 Qc7 13.Qf2 Nbd7 14.a4 b6 15.a5 
b5 16.Rfd1 Bb7 17.Qg3 Rfe8 18.Kh1 Bf8 19.Bf5 g6 20.Bxd7 Nxd7 21.Qh4 Bg7 
22.Rd2 Bc6 23.Rad1 Nf8 24.Bb6 Qe7 25.Qxe7 Rxe7 26.Rd6 Rc8 27.Nc5 b4 28.Na2
b3 29.cxb3 e4 30.Nb4 Bb5 31.Nd5 Re5 32.fxe4 Rh5 33.Ne7+ 1-0

[Event "POL-ChT2"]
[Site "Opole POL"]
[Date "2006.09.06"]
[Round "5"]
[White "Mista, Aleksander"]
[Black "Staniszewski, Piotr"]
[Result "1-0"]
[WhiteElo "2493"]
[BlackElo "2424"]
[EventDate "2006.09.02"]
[PlyCount "99"]

1.g3 g6 2.Bg2 Bg7 3.Nf3 Nf6 4.O-O O-O 5.d3 d6 6.e4 e5 7.Nc3 Nc6 8.h3 Ne8 
9.Be3 f5 10.Qd2 fxe4 11.dxe4 Kh8 12.Nd5 Nf6 13.Nh2 Be6 14.c3 Qd7 15.g4 Bg8
16.Rad1 Rae8 17.Qc2 Nd8 18.Nf3 b6 19.b4 Nxg4 20.hxg4 c6 21.Nh2 Ne6 22.Nxb6
axb6 23.Qd2 Nf4 24.Qxd6 Qb7 25.Qd7 Ne2+ 26.Kh1 Qxd7 27.Rxd7 Nxc3 28.Rc1 
Nxa2 29.Rxc6 Rd8 30.Rxd8 Rxd8 31.Rxb6 Rd1+ 32.Bf1 Nc3 33.f3 h5 34.Kg2 Rb1 
35.b5 Rb2+ 36.Kh3 Nxe4 37.Rb8 Nd6 38.b6 Kh7 39.Rd8 Nc4 40.Bxc4 Bxc4 41.Rd7
Rb3 42.Bc5 Be6 43.Re7 hxg4+ 44.Kg3 Bd5 45.Kxg4 Kh6 46.Kg3 e4 47.Ng4+ Kh5 
48.Ne3 Rb5 49.Nxd5 Rxc5 50.b7 1-0

[Event "POL-ChT2"]
[Site "Opole POL"]
[Date "2006.09.06"]
[Round "5"]
[White "Markowski, Tomasz"]
[Black "Koziak, Vitaly"]
[Result "1/2-1/2"]
[WhiteElo "2547"]
[BlackElo "2483"]
[EventDate "2006.09.02"]
[PlyCount "71"]

1.c4 c6 2.Nf3 d5 3.Qb3 Nf6 4.g3 Qb6 5.Bg2 Bf5 6.d3 e6 7.O-O Qxb3 8.axb3 
Nbd7 9.Nc3 Bd6 10.Nh4 Bg6 11.Nxg6 hxg6 12.d4 O-O 13.Rd1 a6 14.h3 Bc7 15.e3
Nb6 16.Bf1 e5 17.Bd2 exd4 18.exd4 Rfe8 19.Kg2 Rad8 20.Bg5 Rd7 21.Rac1 Nh7 
22.Be3 Nf6 23.Rc2 Ne4 24.Nxe4 Rxe4 25.Be2 f5 26.Bf3 Re6 27.Rcc1 Bd8 28.Bd2
Bc7 29.Bb4 Re8 30.Rc2 Red8 31.c5 Nc8 32.Bd2 Re8 33.b4 Na7 34.Rc3 Nb5 35.
Re3 Kf7 36.Rxe8 1/2-1/2

[Event "POL-ChT2"]
[Site "Opole POL"]
[Date "2006.09.07"]
[Round "6"]
[White "Migala, Andrzej"]
[Black "Orzech, Dominik"]
[Result "1/2-1/2"]
[WhiteElo "2164"]
[BlackElo "2370"]
[EventDate "2006.09.02"]
[PlyCount "49"]

1.e4 c6 2.d4 d5 3.e5 c5 4.dxc5 e6 5.Be3 Nh6 6.c3 Nf5 7.Bd4 Nxd4 8.cxd4 b6 
9.Bb5+ Bd7 10.Bxd7+ Nxd7 11.c6 Nb8 12.Nf3 Nxc6 13.O-O Be7 14.Nbd2 O-O 15.
Rc1 Rc8 16.a3 Qd7 17.Qe2 Rc7 18.Rc3 Rfc8 19.Rfc1 Bd8 20.h3 h6 21.Qd3 Qe8 
22.R1c2 Qd7 23.Rc1 Rb7 24.Qc2 Rbc7 25.Qd3 1/2-1/2

[Event "POL-ChT2"]
[Site "Opole POL"]
[Date "2006.09.07"]
[Round "6"]
[White "Bednarska, Malgorzata"]
[Black "Jadanowska, Beata"]
[Result "1/2-1/2"]
[WhiteElo "2194"]
[BlackElo "1873"]
[EventDate "2006.09.02"]
[PlyCount "80"]

1.e4 e5 2.Nf3 Nc6 3.d4 exd4 4.Nxd4 Bc5 5.Be3 Qf6 6.c3 d6 7.Bc4 Nge7 8.O-O 
Qg6 9.Nxc6 Nxc6 10.Bxc5 dxc5 11.f4 O-O 12.Nd2 b6 13.Bd5 Bb7 14.Qf3 Rad8 
15.Rfd1 Na5 16.Bxb7 Nxb7 17.Nc4 Nd6 18.f5 Qg5 19.Nxd6 Rxd6 20.e5 Rd2 21.
Rxd2 Qxd2 22.f6 Re8 23.Qg3 Qh6 24.Rf1 Qg6 25.Qf4 h6 26.h4 gxf6 27.exf6 Re2
28.Rf2 Re4 29.Qxc7 Rxh4 30.Rf3 Qb1+ 31.Kf2 Qc2+ 32.Kg3 Qe4 33.Qc8+ Kh7 34.
Qf5+ Qxf5 35.Rxf5 Re4 36.Rd5 Re2 37.Rd7 Kg6 38.Rxa7 Rxb2 39.Ra6 Kxf6 40.a4
Rb3 1/2-1/2

[Event "POL-ChT2"]
[Site "Opole POL"]
[Date "2006.09.07"]
[Round "6"]
[White "Jozwik, Rafal"]
[Black "Murawski, Grzegorz"]
[Result "0-1"]
[WhiteElo "2168"]
[BlackElo "2311"]
[EventDate "2006.09.02"]
[PlyCount "68"]

1.e4 e5 2.Nf3 d6 3.d4 exd4 4.Nxd4 Nf6 5.Nc3 Be7 6.Be2 O-O 7.O-O c6 8.a4 d5
9.exd5 Nxd5 10.Nxd5 Qxd5 11.Bf3 Qa5 12.Be3 Bf6 13.c3 Nd7 14.Qb3 Ne5 15.Be2
Qc7 16.h3 b6 17.a5 Bb7 18.axb6 axb6 19.Nf3 c5 20.Nxe5 Bxe5 21.Bc4 Qc6 22.
f3 Bc7 23.Rxa8 Bxa8 24.Rd1 Qe8 25.Bc1 Bc6 26.Qc2 Qe5 27.f4 Qf6 28.Qf2 Re8 
29.Bd5 Bb5 30.c4 Ba4 31.Re1 Rd8 32.Qe3 Kf8 33.Re2 Re8 34.Be4 Bd1 0-1

[Event "POL-ChT2"]
[Site "Opole POL"]
[Date "2006.09.07"]
[Round "6"]
[White "Brodowski, Piotr"]
[Black "Jadanowski, Lukasz"]
[Result "1-0"]
[WhiteElo "2320"]
[BlackElo "2072"]
[EventDate "2006.09.02"]
[PlyCount "99"]

1.Nf3 d5 2.d4 Nf6 3.c4 c6 4.g3 e6 5.Bg2 Be7 6.O-O O-O 7.Nc3 Nbd7 8.b3 b6 
9.Bf4 Bb7 10.Qc1 Rc8 11.Rd1 a6 12.Qb2 b5 13.Ne5 Nh5 14.Be3 f5 15.Nd3 Qe8 
16.Rab1 g5 17.f3 Qg6 18.Bf2 g4 19.fxg4 Qxg4 20.Bf3 Qg6 21.Kh1 Kh8 22.Rg1 
Nhf6 23.Nf4 Qf7 24.Be3 Rg8 25.Rbf1 Rcf8 26.Nd3 Qg6 27.Qc1 Bd6 28.Bh6 Rf7 
29.Bf4 Bf8 30.Be5 Rfg7 31.Bf4 Rf7 32.Qe3 dxc4 33.bxc4 bxc4 34.Ne5 Nxe5 35.
Qxe5 Re7 36.Qc5 Rd7 37.Qxc4 Nd5 38.Na4 h6 39.Nc5 Bxc5 40.Qxc5 Kh7 41.Rb1 
Qf7 42.Be5 Qe7 43.Qc2 Nf6 44.g4 Ne4 45.Bxe4 fxe4 46.Qxe4+ Rg6 47.Rgf1 Qe8 
48.Rf6 Rg7 49.Rxb7 Rxb7 50.h4 1-0

[Event "POL-ChT2"]
[Site "Opole POL"]
[Date "2006.09.07"]
[Round "6"]
[White "Zezulkin, Jurij"]
[Black "Lisowski, Krzysztof"]
[Result "1/2-1/2"]
[WhiteElo "2455"]
[BlackElo "2234"]
[EventDate "2006.09.02"]
[PlyCount "65"]

1.e4 c5 2.Nc3 Nc6 3.Nf3 e5 4.Bc4 Be7 5.d3 d6 6.O-O Nf6 7.Ng5 O-O 8.f4 exf4
9.Bxf4 h6 10.Nf3 Be6 11.Nd5 Bxd5 12.exd5 Na5 13.Nh4 Nxc4 14.dxc4 Nxd5 15.
Qxd5 Bxh4 16.Bxd6 Be7 17.Be5 Qb6 18.Rae1 Rad8 19.Qf3 Bg5 20.Qg3 Qg6 21.h4 
Bd2 22.Qxg6 fxg6 23.Rxf8+ Rxf8 24.Re4 Re8 25.Kf2 Bf4 26.Rxf4 Rxe5 27.a4 
Rf5 28.Ke3 Kf7 29.Rg4 Kf6 30.a5 g5 31.c3 gxh4 32.Rxh4 Rg5 33.g4 1/2-1/2